Pengenalan kepada sistem perundangan Malaysia

Bibliographic Details
Main Author: Wu
Format: Book
Published: Petaling Jaya, Selangor : Longman Malaysia , 1985 (1998)
Edition:2nd ed.
Subjects:

MARC

LEADER 00000cam a2200000 7i4500
001 0000000211
005 20000719.0
020 0 0 |a 9679761479 
090 0 0 |a 349.595   |b WU 1998 
100 1 0 |a Wu   |h Min Aun 
245 1 0 |a Pengenalan kepada sistem perundangan Malaysia   |c Wu Min Aun 
250 0 0 |a 2nd ed. 
260 0 0 |a Petaling Jaya, Selangor :   |b Longman Malaysia ,   |c 1985 (1998) 
300 |a xiii, 216 p. ;   |c 22 cm. 
500 0 0 |a Bibliography: [p. 209-216] 
500 0 0 |a Translated from:" An introduction to the Malaysian legal system" 
650 0 0 |a Law   |z Malaysia 
651 0 0 |a Malaysia   |x Constitutional history 
651 0 0 |a Malaysia   |x Constitutional law 
999 |a 0000001062   |b Monograph   |c Open Shelf   |e Default branch